000 01312nam0a2200301 4500
001 RU\NLR\bibl\1719888
005 20260406072227.0
010 _a978-5-7516-0875-0
_93000
021 _aRU
_b2010-95062
_96410
035 _a(NLR Aleph) 001710886
090 _a1279429
_c1279429
100 _a20101228d2010 |||y0rusy50 ca
101 1 _arus
_ager
_cger
102 _aRU
105 _ay |||||||||
200 1 _aСто стихотворений
_fБертольд Брехт
_gсост.: Зигфрид Унзельд
_gпер. с нем. и коммент. Святослава Городецкого
210 _aМосква
_cТекст
_d2010
215 _a412, [1] с.
_d17
300 _aТекст парал. на рус. и нем. яз.
327 1 _aСодерж.: разделы: Аугсбургские сонеты; Из хрестоматии горожанина; Из "сонетов"; Голливудские элегии; Из "буковских элегий"
686 _aШ6(4Ге)07-5я44{Лх1359.1-175}
700 1 _4070
_7ca
_8rus
_aБрехт
_bБ.
_f1898-1956
_gБертольт
_912746
_3RU\NLR\auth\7729718
702 1 _aУнзельд
_bЗ.
_gЗигфрид
_4220
801 0 _aRU
_bNLR
_c20101228
_gRCR
801 1 _aRU
_bNLR
_c20101228
942 _cBOOK
980 _aNB